000 00556nam a2200193 a 4500
001 3454
005 20140414132018.0
008 040601s19uu xx 00 eng d
020 _a0-14-050394-3
050 _aTR
_bH65 1982
100 _aHoberman, Mary Ann
245 _aA house is a house for me /
_cMary Ann Hoberman; illustrated by Betty Fraser.
260 _aNew York :
_bPuffin Books,
_c[n.d.]
300 _a[44] p. : ill. ; cm.
500 _aTR/PS
650 _aHabitats
_xJuvenile literature.
650 _aChildren stories.
999 _c113405
_d113405